01036 2200349 4500001002100000005001500021035002000036007000300056008004100059040001700100100002600117245014500143250000900288300003400297020002200331041000800353082001100361084001700372090002100389260003000410650001200440700003100452850001000483990002400493990002400517990002400541990002400565990002400589990002400613990002400637990002500661INLIS00000000000274020260531100819 a0010-0720000023ta260531 j 1 ind  aSBPUPADbind0 aWinkanda Satria Putra1 aKumpulan Dongeng Negeri Jepang Patung Jizo Bertopi Jerami :bSeri Cerita Dongeng Dunia, /cWinkanda Satria Putra; Editor: Th. Arie Prabawati aEd.1 a174 hlm. :bilus. ;c19x23 cm a978-979-29-6136-20 aind a398.23 a398.23 WIN k a398.23 WIN k 3-4 aYogyakarta :bAndi,c2017 4aDongeng0 aEditor: Th. Arie Prabawati aPUPAD a34.309/DAK/DPK/2019 a34.311/DAK/DPK/2019 a34.312/DAK/DPK/2019 a34.311/DAK/DPK/2019 a34.312/DAK/DPK/2019 a34.310/DAK/DPK/2019 a34.309/DAK/DPK/2019 a31.331/APBD/DPK/2019